000 01548nmm a2200313 a 4500
003 CO-CtgCURN
005 20250329165433.0
007 co cga---uuuuu
008 160531s2016 i eng d
040 _aCO-CtgCURN
_bspa
_ccoctgcurn
082 0 _aENF 2016
_bM827
100 1 _aMora Gómez, Dajan.
245 1 0 _aPercepción de las madres sobre el cuidado humanizado brindado por enfermeria en el periodo de puerperio, en dos centros de salud de Cartagena
_h[electronic resource] /
_cDajan Mora Gómez, Yurainis Arroyo Yesmo, Kimberly Meza Salguedo ; asesor, Lesly Beleño.
260 _aCartagena de Indias :
_bCorporación Universitaria Rafael Núñez,
_c2016.
300 _a1 CD-Rom :
_btablas, graficas, formas y formularios.
336 _2rdacontent
337 _2rdamedia
_asin mediacion
_bn
338 _2rdacarrier
_avolumen
_bnc
502 _aTrabajo de grado (Enfermera (o)). Corporación Universitaria Rafael Nuñez. Facultad de Ciencias de la Salud. Programa de Enfermeria, 2016.
504 _aIncluye bibliografia.
590 _aEnfemeria
650 0 _aEnfermeria
_vTesis y disertaciones academicas.
700 1 _aArroyo Yesmo, Yurainis.
700 1 _aMeza Salguedo, Kimberly.
700 1 _aBeleño, Lesly,
_easesor.
856 7 _uhttps://unicurn.sharepoint.com/:b:/s/biblioteca/Ee-uTJDPO0ROmKFSVS1H4EwBYaty7UeM_4yMxixekvUZUA?e=jUXpNe
_zClick aqui para ver el recurso en texto completo
942 _hENF 2016
_iM827
_2ddc
_cTG
999 _c3956
_d3956